<?xml version="1.0" encoding="UTF-8"?>
<marc:record xmlns:marc="http://www.loc.gov/MARC21/slim" type="Bibliographic">
   <marc:leader>00000pam a2200000 c 4500</marc:leader>
   <marc:controlfield tag="001">971458146</marc:controlfield>
   <marc:controlfield tag="003">DE-101</marc:controlfield>
   <marc:controlfield tag="005">20171203162845.0</marc:controlfield>
   <marc:controlfield tag="007">tu</marc:controlfield>
   <marc:controlfield tag="008">040609s2004    gw ||||| |||| 00||||ger  </marc:controlfield>
   <marc:datafield ind1=" " ind2=" " tag="015">
      <marc:subfield code="a">04,A38,0294</marc:subfield>
      <marc:subfield code="z">04,N27,0366</marc:subfield>
      <marc:subfield code="2">dnb</marc:subfield>
   </marc:datafield>
   <marc:datafield ind1="7" ind2=" " tag="016">
      <marc:subfield code="2">DE-101</marc:subfield>
      <marc:subfield code="a">971458146</marc:subfield>
   </marc:datafield>
   <marc:datafield ind1=" " ind2=" " tag="020">
      <marc:subfield code="a">9783860997963</marc:subfield>
      <marc:subfield code="c">kart. : EUR 14.90, sfr 22.70</marc:subfield>
      <marc:subfield code="9">978-3-86099-796-3</marc:subfield>
   </marc:datafield>
   <marc:datafield ind1=" " ind2=" " tag="020">
      <marc:subfield code="a">3860997963</marc:subfield>
      <marc:subfield code="c">kart. : EUR 14.90, sfr 22.70</marc:subfield>
      <marc:subfield code="9">3-86099-796-3</marc:subfield>
   </marc:datafield>
   <marc:datafield ind1="3" ind2=" " tag="024">
      <marc:subfield code="a">9783860997963</marc:subfield>
   </marc:datafield>
   <marc:datafield ind1=" " ind2=" " tag="035">
      <marc:subfield code="a">(DE-599)DNB971458146</marc:subfield>
   </marc:datafield>
   <marc:datafield ind1=" " ind2=" " tag="035">
      <marc:subfield code="a">(OCoLC)249213946</marc:subfield>
   </marc:datafield>
   <marc:datafield ind1=" " ind2=" " tag="040">
      <marc:subfield code="a">1245</marc:subfield>
      <marc:subfield code="b">ger</marc:subfield>
      <marc:subfield code="c">DE-101</marc:subfield>
      <marc:subfield code="d">9999</marc:subfield>
   </marc:datafield>
   <marc:datafield ind1=" " ind2=" " tag="041">
      <marc:subfield code="a">ger</marc:subfield>
   </marc:datafield>
   <marc:datafield ind1=" " ind2=" " tag="044">
      <marc:subfield code="c">XA-DE-HE</marc:subfield>
   </marc:datafield>
   <marc:datafield ind1="7" ind2="4" tag="082">
      <marc:subfield code="a">300</marc:subfield>
      <marc:subfield code="q">DE-101</marc:subfield>
      <marc:subfield code="2">22sdnb</marc:subfield>
   </marc:datafield>
   <marc:datafield ind1=" " ind2=" " tag="090">
      <marc:subfield code="a">b</marc:subfield>
   </marc:datafield>
   <marc:datafield ind1="1" ind2=" " tag="100">
      <marc:subfield code="0">(DE-588)129289582</marc:subfield>
      <marc:subfield code="0">http://d-nb.info/gnd/129289582</marc:subfield>
      <marc:subfield code="0">(DE-101)129289582</marc:subfield>
      <marc:subfield code="a">Bergstedt, Jörg</marc:subfield>
      <marc:subfield code="d">1964-</marc:subfield>
      <marc:subfield code="e">Verfasser</marc:subfield>
      <marc:subfield code="4">aut</marc:subfield>
   </marc:datafield>
   <marc:datafield ind1="0" ind2="0" tag="245">
      <marc:subfield code="a">Mythos Attac</marc:subfield>
      <marc:subfield code="b">Hintergründe, Hoffnungen, Handlungsmöglichkeiten</marc:subfield>
      <marc:subfield code="c">Jörg Bergstedt. In enger Zusammenarbeit mit: AG "Attac-Buch" bei Schöner Leben, Göttingen, und Aktiven aus der Projektwerkstatt Saasen</marc:subfield>
   </marc:datafield>
   <marc:datafield ind1=" " ind2=" " tag="250">
      <marc:subfield code="a">1. Aufl.</marc:subfield>
   </marc:datafield>
   <marc:datafield ind1=" " ind2=" " tag="259">
      <marc:subfield code="a">11</marc:subfield>
   </marc:datafield>
   <marc:datafield ind1=" " ind2="1" tag="264">
      <marc:subfield code="a">Frankfurt am Main</marc:subfield>
      <marc:subfield code="b">Brandes und Apsel</marc:subfield>
      <marc:subfield code="c">2004</marc:subfield>
   </marc:datafield>
   <marc:datafield ind1=" " ind2=" " tag="300">
      <marc:subfield code="a">206 S.</marc:subfield>
      <marc:subfield code="b">graph. Darst.</marc:subfield>
      <marc:subfield code="c">21 cm</marc:subfield>
   </marc:datafield>
   <marc:datafield ind1=" " ind2=" " tag="336">
      <marc:subfield code="a">Text</marc:subfield>
      <marc:subfield code="b">txt</marc:subfield>
      <marc:subfield code="2">rdacontent</marc:subfield>
   </marc:datafield>
   <marc:datafield ind1=" " ind2=" " tag="337">
      <marc:subfield code="a">ohne Hilfsmittel zu benutzen</marc:subfield>
      <marc:subfield code="b">n</marc:subfield>
      <marc:subfield code="2">rdamedia</marc:subfield>
   </marc:datafield>
   <marc:datafield ind1=" " ind2=" " tag="338">
      <marc:subfield code="a">Band</marc:subfield>
      <marc:subfield code="b">nc</marc:subfield>
      <marc:subfield code="2">rdacarrier</marc:subfield>
   </marc:datafield>
   <marc:datafield ind1=" " ind2=" " tag="500">
      <marc:subfield code="a">Literatur- und URL-Verz. S. 198 - 200</marc:subfield>
   </marc:datafield>
   <marc:datafield ind1=" " ind2=" " tag="520">
      <marc:subfield code="a">Hunderte von Quellen wurden ausgewertet, um einen Blick hinter die Kulissen des Medienstars Attac zu werfen. Es ist das bislang einzige Buch, das die Hintergründe des kometenhaften Aufstiegs der globalisierungskritischen Protestbewegung kritisch beleuchtet. Ein unbequemes Buch über den &gt;Mythos Attac&lt;, das scharfe Kritik und Perspektive in einem bietet. Es entstand unter Mitwirkung von Personen aus Basisgruppen, die in den Themenbereichen von Attac oder bei Attac selbst aktiv sind. Als sich die Friedensbewegung gegen den Irakkrieg und der Protest gegen den Sozialabbau hierzulande formieren, ist &gt;Attac-Deutschland&lt; von der ersten Minute an deren politisches Sprachrohr. Seit 2003 ist auch die Umweltbewegung auf dem Weg in den sicheren Hafen &gt;Attac&lt;. Der Medien-Hype um Attac hat politischen Protesten mehr öffentliche Wahrnehmung gebracht. Konkrete Forderungen wie die Tobin Tax oder das Ende des Irakkrieges sind populär geworden. Fraglich aber bleibt, was durch diese Popularität erreicht wurde. Hat Attac den politischen Protest gestärkt? Oder ist der Aufbau einer professionellen Kampagnen-NGO einer der Gründe, warum in Deutschland vielfältige Basisbewegungen wie in Spanien, Italien und anderen Ländern immer noch fehlen? Sind die großen Demonstrationen gegen Kriege oder Sozialabbau ein Erfolg oder mehr ein Grund dafür, dass konkreter, alltäglicher Widerstand kaum stattfindet? Wer steckt hinter Attac? Wer verfolgte mit der Gründung welche Ziele und wie haben sich diese durch den Erfolg der NGO gewandelt? Das Buch liefert präzise Informationen über die Gründung und Entwicklung von Attac, die Ideologie und die Strukturen, die gegenüber konventionellen Verbandsformen bisheriger NGOs eine erhebliche Effizienzsteigerung brachten. Die Analyse fällt sehr kritisch aus - und doch stellt das Buch klar, dass Attac ein vielfältiges Projekt ist. Die ideologische Verengung in den Führungskadern verbindet sich mit teilweise kreativ-spritzigen Aktionsmethoden in den Basisgruppen. Die Kritik an Attac ist daher verbunden mit perspektivischen Entwürfen hin zu einer handlungsfähigen, vielfältigen und horizontal vernetzten, offenen Basisbewegung.</marc:subfield>
   </marc:datafield>
   <marc:datafield ind1="2" ind2="7" tag="610">
      <marc:subfield code="0">(DE-588)3052052-6</marc:subfield>
      <marc:subfield code="0">http://d-nb.info/gnd/3052052-6</marc:subfield>
      <marc:subfield code="0">(DE-101)964474492</marc:subfield>
      <marc:subfield code="a">Attac Deutschland</marc:subfield>
      <marc:subfield code="2">gnd</marc:subfield>
   </marc:datafield>
   <marc:datafield ind1=" " ind2=" " tag="653">
      <marc:subfield code="a">(VLB-FS)Attac</marc:subfield>
   </marc:datafield>
   <marc:datafield ind1=" " ind2=" " tag="653">
      <marc:subfield code="a">(VLB-FS)Globalisierung</marc:subfield>
   </marc:datafield>
   <marc:datafield ind1=" " ind2=" " tag="653">
      <marc:subfield code="a">(VLB-FS)Kritik</marc:subfield>
   </marc:datafield>
   <marc:datafield ind1=" " ind2=" " tag="653">
      <marc:subfield code="a">(VLB-FS)Widerstand</marc:subfield>
   </marc:datafield>
   <marc:datafield ind1=" " ind2=" " tag="653">
      <marc:subfield code="a">(VLB-FS)Protest</marc:subfield>
   </marc:datafield>
   <marc:datafield ind1=" " ind2=" " tag="653">
      <marc:subfield code="a">(VLB-PF)BC: Paperback</marc:subfield>
   </marc:datafield>
   <marc:datafield ind1=" " ind2=" " tag="653">
      <marc:subfield code="a">(VLB-WI)1: Hardcover, Softcover, Karte</marc:subfield>
   </marc:datafield>
   <marc:datafield ind1=" " ind2=" " tag="653">
      <marc:subfield code="a">(VLB-WG)741: Politik, Gesellschaft, Arbeit / Populäre Darstellungen</marc:subfield>
   </marc:datafield>
   <marc:datafield ind1="0" ind2="0" tag="689">
      <marc:subfield code="0">(DE-588)3052052-6</marc:subfield>
      <marc:subfield code="0">http://d-nb.info/gnd/3052052-6</marc:subfield>
      <marc:subfield code="0">(DE-101)964474492</marc:subfield>
      <marc:subfield code="D">b</marc:subfield>
      <marc:subfield code="a">Attac Deutschland</marc:subfield>
   </marc:datafield>
   <marc:datafield ind1="0" ind2=" " tag="689">
      <marc:subfield code="5">DE-101</marc:subfield>
      <marc:subfield code="5">DE-101</marc:subfield>
   </marc:datafield>
   <marc:datafield ind1=" " ind2=" " tag="850">
      <marc:subfield code="a">DE-101a</marc:subfield>
      <marc:subfield code="a">DE-101b</marc:subfield>
   </marc:datafield>
   <marc:datafield ind1="4" ind2="2" tag="856">
      <marc:subfield code="m">V:DE-603</marc:subfield>
      <marc:subfield code="q">application/pdf</marc:subfield>
      <marc:subfield code="u">http://d-nb.info/971458146/04</marc:subfield>
      <marc:subfield code="3">Inhaltsverzeichnis</marc:subfield>
   </marc:datafield>
   <marc:datafield ind1="r" ind2=" " tag="925">
      <marc:subfield code="a">ra</marc:subfield>
   </marc:datafield>
</marc:record>
